Marracash - Tutte le canzoni - Statistics

Statistiche generali
  • Questo quiz è stato fatto 75 volte
  • Il punteggio medio è 51 su 237
Statistiche sulle risposte
Album Featuring Titolo % Corretto
Noi, loro, gli altri Gli altri (giorni stupidi)
80%
Noi, loro, gli altri Loro
78%
Noi, loro, gli altri Noi
77%
Noi, loro, gli altri Blanco Nemesi
70%
E' finita la pace Lei
63%
Persona Crudelia (i nervi)
60%
Noi, loro, gli altri Io
60%
Noi, loro, gli altri Calcutta Laurea ad Honorem
60%
Persona Body parts (i denti)
58%
Noi, loro, gli altri Crazy love
58%
Persona - bonus track Elisa Neon (le ali)
58%
Persona Bravi a cadere (i polmoni)
57%
Status - Vendetta Edition Federica Abbate Niente canzoni d'amore
57%
Persona Massimo Pericolo Appartengo (il sangue)
55%
E' finita la pace Happy End
55%
Santeria Guè Insta Lova
55%
Persona Luché Sport (i muscoli)
55%
Persona - bonus track Lazza, Luchè, Paky Sport + muscoli RMX
55%
E' finita la pace Power slap
53%
Santeria Guè Scooteroni
53%
Santeria - Vodoo Edition Guè, Sfera Ebbasta Scooteroni RMX
53%
Noi, loro, gli altri Cliffhanger
52%
E' finita la pace Crash
50%
E' finita la pace Gli sbandati hanno perso
50%
Noi, loro, gli altri Pagliaccio
50%
Marracash Bastavano le briciole
48%
Noi, loro, gli altri Dubbi
48%
Persona GOAT (il cuore)
48%
Persona Mahmood Non sono Marra (la pelle)
48%
Persona Coez Quelli che non pensano (il cervello)
48%
E' finita la pace Troi*
48%
Persona Madame Madame (l'anima)
47%
This is Elodie Elodie Margarita
47%
E' finita la pace Mi sono innamorato di un AI
47%
Santeria Guè Salvador Dalì
47%
Bravo ragazzo Guè Brivido
45%
E' finita la pace Detox/Rehab
45%
Status In radio
45%
King del Rap King del rap
45%
Persona Guè Qualcosa in cui credere (lo scheletro)
45%
E' finita la pace Soli
45%
Persona Tha Supreme, Sfera Ebbasta Supreme (l'ego)
45%
E' finita la pace Vittima
45%
Marracash Badabum Cha Cha
43%
Marracash - 10 anni dopo Badabum Cha Cha (Dogozilla remix)
43%
Santeria Guè Nulla accade
43%
Marracash Tutto questo
43%
E' finita la pace Factotum
42%
E' finita la pace Pentothal
42%
X2VR Sfera Ebbasta 15 piani
40%
Noi, loro, gli altri Cosplayer
40%
Persona Da buttare (il ca**o)
40%
Persona Cosmo Greta Thunberg (lo stomaco)
40%
Noi, loro, gli altri Guè Infinity love
40%
King del Rap Guè S.E.N.I.C.A.R.
40%
Persona Poco di buono (il fegato)
35%
Santeria Guè Santeria
35%
Persona Tutto questo niente (gli occhi)
35%
Status Salmo, Coez A volte esagero
33%
Santeria Guè Money
33%
King del Rap Sabbie mobili
33%
Santeria Guè Cantante italiana
32%
Santeria Guè Purdi
32%
Santeria - Vodoo Edition Guè, Fabri Fibra Purdi RMX
32%
Status Status
32%
Status Vendetta
30%
King del Rap Emis Killa Giusto un giro
28%
Club Dogo Club Dogo Nato per questo
28%
Santeria Guè Senza Dio
28%
Santeria - Vodoo Edition Guè, Luché Senza Dio RMX
28%
Santeria Guè Erba e WiFi
27%
Santeria Guè Cosa Mia
25%
La Divina Commedia Tedua Diluvio a luglio
25%
King del Rap Salmo Marrageddon
25%
Cult Salmo & Noyz Narcos Respira
25%
Marracash Chiedi alla polvere 2008
23%
Io in terra Rkomi Milano Bachata
23%
Santeria Guè Quasi amici
23%
Guesus Guè Daytona
22%
Fino a qui tutto bene Fino a qui tutto bene
22%
Santeria Guè Maledetto me
22%
Machete Mixtape 4 Salmo, Nitro Marylean
22%
Status Neffa Nella macchina
22%
Famoso Sfera Ebbasta, Guè Tik Tok
22%
Santeria Guè Tony
22%
10 Drillionaire, Guè Yalla
22%
Marracash - 10 anni dopo Rkomi Business class
20%
Status - Vendetta Edition Catatonica
20%
King del Rap Didinò
20%
Status Achille Lauro Don
20%
Madreperla Guè, Rkomi Free
20%
L'erba cattiva Emis Killa Il mondo dei grandi
20%
Marracash - 10 anni dopo Nuovo papa 2018
20%
Marracash - 10 anni dopo Popolare 2018
20%
Status Luché Sushi e cocaina
20%
Status 20 anni (peso)
18%
Status Bentornato
18%
Status Bruce Willis
18%
Djungle TY1, Geolier Fantasmi
18%
Marracash Guè, J-Ax Fattore Wow
18%
Eclissi Gemitaiz, Coez K.O.
18%
Vile denaro Club Dogo, Vincenzo da Via Anfossi Puro Bogotà
18%
King del Rap Fabri Fibra, Jake La Furia Quando sarò morto
18%
Status Sindrome depressiva da social network
18%
Fastlife 4 Guè Smith e Wesson Freestyle
18%
Mattoni Night Skinny, Noyz Narcos, Capo Plaza Street Advisor
18%
Status Fabri Fibra Vita da Star
18%
Marracash Fatti un giro nel quartiere
17%
Flop Salmo La chiave
17%
King del Rap Salmo Nè cura nè luogo
17%
Salvatore Paky No wallet
17%
King del Rap Attila Semtex
17%
Mr. Fini Guè, Mahmood Tardissimo
17%
Locura Lazza -3 (prendere il volo)
15%
L'angelo del male Baby Gang, Blanco Adrenalina
15%
Penna Capitale Club Dogo D.O.G.O.
15%
Il coraggio dei bambini Geolier Il male che mi fai
15%
Fino a qui tutto bene I ragazzi dello Zoo del Berlin
15%
Singolo 2024 Vasco Rossi La pioggia alla domenica
15%
Marracash - Golden Edition La via di Carlito
15%
Routine Shiva Milano ovest
15%
Fino a qui tutto bene Mixare è bello
15%
Marracash - Golden Edition Non confondermi
15%
Marracash - 10 anni dopo Fabri Fibra Non confondermi RMX
15%
Marracash Vincenzo da Via Anfossi, Jake La Furia Quello che deve arrivare (arriva arriva)
15%
King del Rap Rapper/Criminale
15%
Status Tiziano Ferro Senza un posto nel mondo
15%
Status Untitled
15%
Status - Vendetta Edition Sfera Ebbasta, Luchè, Charlie Charles XDVRMX
15%
Status Crack
13%
Status Guè Di nascosto
13%
Marracash Dritto al punto
13%
Marracash Estate in città
13%
Status Il nostro tempo
13%
King del Rap In faccia
13%
Marracash La danza della pioggia
13%
23 6451 Tha Supreme Occh1 Purpl3
13%
Fino a qui tutto bene *roie
13%
Status Sogni non tuoi
13%
Marracash Jenny B Solo io e te
13%
Marracash Trappole
13%
Santeria - Vodoo Edition Guè Ca$hmere
12%
Fino a qui tutto bene Continuavano a chiamarlo Marracash
12%
King del Rap Co'Sang Noi no
12%
King del Rap J-Ax Quando ero vivo
12%
Roccia Music II Emis Killa Slot machine
12%
Fino a qui tutto bene Stupido
12%
Singolo 2023 Merk&Kremont, Tananai Un altro mondo
12%
Marracash - 10 anni dopo Valentino
12%
Status - Vendetta Edition Will Hunting
12%
Marracash - 10 anni dopo Con i soldi in testa
10%
Scatola nera Gemitaiz & Madman, Guè Fiori
10%
King del Rap In down
10%
Fino a qui tutto bene La parola che nessuno riesce a dire
10%
Thori & Rocce Don Joe, Shablo, Fabri Fibra, Jake La Furia, Noyz Narcos, Guè, J-Ax, Francesco Sarcina Le leggende non muoiono mai
10%
Status - Vendetta Edition Marciamo
10%
Santeria - Vodoo Edition Guè Piazza Rossa
10%
Gentleman Guè Relaxxx
10%
Fino a qui tutto bene Giusy Ferreri Rivincita
10%
Marracash Co'Sang Triste ma vero
10%
Dadaismo Deleterio, Luché, Jake La Furia Ciao
8%
Che bello essere noi Club Dogo Ciao proprio
8%
Singolo 2019 Don Joe, Jake La Furia F.A.K.E.
8%
Marracash - Golden Edition La mia prigione
8%
Sinatra Guè, Luché Modalità Aereo
8%
Marracash - 10 anni dopo Myspace freestyle 2008
8%
Santeria - Vodoo Edition Guè Ninja
8%
Singolo 2019 Shablo, Carl Brave Non ci sto
8%
Marracash Sì sì con la testa
8%
Roccia Music II Best of the year
7%
Il ragazzo d'oro Guè, Entics, Ensi, Ntò, Jake La Furia, Nex Cassel Big!
7%
Penna Capitale Club Dogo Briatori
7%
Fino a qui tutto bene Cani pazzi
7%
Dinastia Co'Sang Carnicero
7%
Singolo 2020 DRD, Madame, Ghali Defuera
7%
Fino a qui tutto bene Due anni prima
7%
Sensazione Ultra Ghali Free Solo
7%
Roccia Music II Dargen D'Amico, Rancore L'Albatro
7%
Marracash L'ultima settimana
7%
Singolo 2017 Il Profeta Maserati
7%
Dogocrazia Club Dogo Meglio che morto
7%
Una seria Baby K Non cambierò mai
7%
Singolo 2020 Kid Vicius, Coez Palazzine
7%
Roccia Music II Co'Sang Se la scelta fosse mia
7%
Roccia Music II Deleterio Amore in polvere
5%
Le jeune Simba Young Rame Barona
5%
Champagne e spine Emis Killa Bla bla
5%
Djungle TY1, Taxi B, Paki Djungle
5%
Musica Commerciale Jake La Furia, Guè Esercizio di stile
5%
Milano Soprano Don Joe, Venerus Guerriero
5%
Singolo 2013 Dj Tayone La tipa del tipo
5%
Noi siamo il Club Club Dogo Noi siamo il Club
5%
Noi siamo il club Club Dogo Noi siamo il club
5%
Roccia Music II Entics, Fedez Non passerà
5%
Fino a qui tutto bene Parole chiave
5%
King del Rap Entics Prova a prendermi
5%
Controcultura Fabri Fibra Qualcuno normale
5%
Zero Kills Night Skinny Zero Kills
5%
Roccia Music II Il Nano, Izio Sklero 2 strade
3%
Hashshinz Sound Vol. 1 Guè, Vincenzo da Via Anfossi, Jake La Furia Boss!
3%
Roccia Music II Vincenzo da Via Afnfossi Fiaba di strada
3%
Genesi Corrado, Fred de Palma, Achille Lauro, Luchè, Tayone Genesi
3%
L2 Luché GVNC
3%
Thori & Rocce Don Joe, Shablo, Deleterio L'ultimo giorno che ho
3%
Caos Fabri Fibra Noia
3%
Dio c'è Achille Lauro Ora lo so
3%
Roccia Music II Noyz Narcos Parole Sante
3%
Achille Idol immortale Achille Lauro Real Royal Street Rap
3%
Originali Sottotono, Guè, Tiziano Ferro Solo lei ha quel che voglio
3%
Il mio primo disco da venduto Fedez, Guè Blues
2%
Hashshinz Sound Vol. 1 Guè, Vincenzo da Via Anfossi Che nessuno si muova
2%
Mea Culpa Clementino, Noyz Narcos, Ntò, Paura Dalle palazzine
2%
Le pietre non volano Luché Dove volano le aquile
2%
Dadaismo Deleterio, Guè, Attila Freddezza
2%
Guilty Noyz Narcos Grand Guignol
2%
Dadaismo Deleterio Gran rap
2%
Decadance J-Ax Il commercialista
2%
La bella Italia Aban, Guè La bella Italia
2%
Verano zombie Noyz Narcos Mentalità da clan
2%
Poesia cruda mixtape vol. 1 Co'Sang, Jake La Furia, O'lank Mi piace
2%
Lettera al successo Fred de Palma Muovi il mondo
2%
Vita bona Co'Sang, El Koyote Nun me parla 'e strada
2%
Roccia Music II Aban, Ted Bee Paradiso italiano
2%
In foto vengo male Federica Abbate Pensare troppo mi fa male
2%
L'ora d'aria Vincenzo da Via Anfossi Popolari
2%
Fastlife Mixtape Vol. 2 Guè, Izio Sklero Rap Stallions
2%
L1 Luché Rockstar
2%
Singolo 2012 Emis Killa, Club Dogo, J-Ax Se il mondo fosse
2%
Soundboy Entics Voglio fare i $
2%
Old boy Giuliano Palma Come ieri
0%
Romborama The Bloody Beetruts Come la
0%
Miracolo! Clementino, Noyz Narcos Dal centro all'hinterland
0%
Strategie Thug Team, Vincenzo da Via Anfossi Grossi calibri
0%
Regular Grand Agent, Don Joe, Ask, Vincenzo da Via Anfossi Hustlebound
0%
Reloaded - Lo spettacolo è finio pt. 2 Rischio, Vincenzo da Via Anfossi, Jake La Furia Il giustiziere della notte
0%
Santeria Guè Senza volume
0%
Nessun quiz corrispondente trovato
Distribuzione punteggi
Percentuale di utenti per punteggio
Percentile per numero di risposta
I tuoi punteggi nel tempo
Non hai fatto questo quiz